Hlavné mestá štátov Južnej Ameriky - Statistics

General Stats
  • This quiz has been taken 140 times
  • The average score is 9 of 12
Answer Stats
Štát Hlavné mesto % Correct
Argentína Buenos Aires
95%
Brazília Brazília
89%
Peru Lima
89%
Uruguaj Montevideo
82%
Čile Santiago
82%
Kolumbia Bogota
70%
Bolívia Sucre / La Paz
65%
Ekvádor Quito
61%
Venezuela Caracas
58%
Guyana Georgetown
58%
Surinam Paramaribo
56%
Paraguaj Asunción
54%
No matching quizzes found
Score Distribution
Percent of People with Each Score
Percentile by Number Answered
Your Score History
You have not taken this quiz